000 00985cab a2200265 4500
001 ABS58836
008 090401t1998 xxu||||| |||| 00| 0 eng d
035 _a(Sirsi) u87128
041 _aeng
100 _aLeech, J.
245 4 _aThe Construction Act - a brief reminder
260 _c1998
350 _a0
490 _aBuilding Services & Environmental Engineer
_v21(10) June 1998, 6(1)
520 _aSummarises the six main provisions of the Housing Grants, Construction and Regeneration Act 1996.
650 _aMANAGEMENT-DISPUTE AVOIDANCE, MANAGEMENT AND RESOLUTION-DISPUTE MANAGEMENT AND RESOLUTION-ALTERNATIVE DISPUTE RESOLUTION-ADJUDICATION
650 _aCONDITIONAL PAYMENT
650 _aHOUSING GRANTS CONSTRUCTION AND REGENERATION ACT 1996
650 _aINTERIM PAYMENTS
650 _aRIGHT TO SUSPEND PERFORMANCE
650 _aSCHEME FOR CONSTRUCTION CONTRACTS
690 _aBUILT ENVIRONMENT-BUILDING CONTRACT FORMS
942 _n0
948 _c01/07/1998
999 _c54918
_d54918